000 00779cam a2200265 4500
001 M1929
008 090401t1995 xxu||||| |||| 00| 0 eng d
035 _a(Sirsi) u35343
041 _aeng
050 _a712.028
110 _aLandscape Promotions
_9375
245 _aExternal works: the definitive guide to products and services for the external environment.
250 _a6th ed.
260 _aStirling
_bLandscape Promotions
_c1995
300 _a640p. : ill. ; 26cm.
350 _a0
650 _aBUILT ENVIRONMENT-BUILDING MATERIALS
650 _aEXTERNAL WORKS
650 _aLANDSCAPE DESIGN
650 _aPRODUCT SPECIFICATION
690 _aBUILT ENVIRONMENT-BUILDING MATERIALS
700 _aRobertson, Charles
_xEditor
942 _n0
948 _c04/03/1997
999 _c90098
_d90098